Online
Catalog

Antología personal de poesía / (Record no. 8041)

MARC details
000 -CABECERA
campo de control de longitud fija 00791cam a2200241 a 4500
001 - NÚMERO DE CONTROL
campo de control 000008270
005 - FECHA Y HORA DE LA ÚLTIMA TRANSACCIÓN
campo de control 20200929161324.0
008 - DATOS DE LONGITUD FIJA--INFORMACIÓN GENERAL
campo de control de longitud fija 991003s1998 gt 000 p spa
020 ## - NÚMERO INTERNACIONAL ESTÁNDAR DEL LIBRO
Número Internacional Estándar del Libro 9992200227
040 ## - FUENTE DE LA CATALOGACIÓN
Centro catalogador/agencia de origen DO-SdBNP
Centro/agencia transcriptor DLC
Centro/agencia modificador DLC
082 ## - NÚMERO DE LA CLASIFICACIÓN DECIMAL DEWEY
Número de clasificación G681.44
Número de documento/Ítem C314a
100 1# - ENTRADA PRINCIPAL--NOMBRE DE PERSONA
Nombre de persona Carrera, Margarita
Fechas asociadas al nombre 1929-
9 (RLIN) 22403
240 10 - TÍTULO UNIFORME
Título uniforme Poems.
Subencabezamiento de forma Selections
245 10 - MENCIÓN DE TÍTULO
Título Antología personal de poesía /
Mención de responsabilidad, etc. Margarita Carrera.
260 ## - PUBLICACIÓN, DISTRIBUCIÓN, ETC.
Lugar de publicación, distribución, etc. Guatemala :
Nombre del editor, distribuidor, etc. Cultura,
Fecha de publicación, distribución, etc. 1998.
300 ## - DESCRIPCIÓN FÍSICA
Extensión 172 p. ;
Dimensiones 22 cm.
490 1# - MENCIÓN DE SERIE
Mención de serie Poesía Guatemalteca S. XX ;
Designación de volumen o secuencia no. 16
490 1# - MENCIÓN DE SERIE
Mención de serie Rafael Landivar ;
Designación de volumen o secuencia no. 16
650 #4 - PUNTO DE ACCESO ADICIONAL DE MATERIA--TÉRMINO DE MATERIA
Término de materia o nombre geográfico como elemento de entrada Poesía guatemalteca
9 (RLIN) 14068
650 #4 - PUNTO DE ACCESO ADICIONAL DE MATERIA--TÉRMINO DE MATERIA
Término de materia o nombre geográfico como elemento de entrada Literatura guatemalteca
9 (RLIN) 5393
830 #0 - PUNTO DE ACCESO ADICIONAL DE SERIE-TÍTULO UNIFORME
Título uniforme Poesía Guatemalteca S. XX ;
Nombre de parte o sección de la obra Rafael Landivar :
Designación de volumen o secuencia no. 16.
9 (RLIN) 22404
910 ## - DATOS DE OPCIÓN DEL USUARIO (OCLC)
Datos de opción del usuario Catalogación por copia / LC
Holdings
Estado de retiro Estado de pérdida Restricciones de uso No para préstamo Código de colección Localización permanente Ubicación/localización actual Ubicación en estantería Fecha de adquisición Número de inventario Total de préstamos Signatura topográfica completa Código de barras Fecha visto por última vez Precio válido a partir de Tipo de ítem Koha
    Préstamo interno   Monografías: Libros y Folletos General General En catalogación 15.09.2009 LF1   G681.44 C314a 8270-10 25.06.2020 25.06.2020 Préstamo interno

Powered by Koha